| 000 | 01015nam a2200241Ia 4500 | ||
|---|---|---|---|
| 003 | OSt | ||
| 005 | 20200813122712.0 | ||
| 008 | 191128s1990 ec gr 000 0dspa d | ||
| 040 |
_aCo-JMCR _cCo-JMCR |
||
| 041 | 0 | _aspa | |
| 082 | 0 | 4 |
_a368.0122 / _bM251a _223 |
| 100 | 1 |
_aMena Ramírez, Miguel Humberto, _eautor _98717 |
|
| 245 | 1 | 0 |
_aAspectos jurídicos y técnicos para la construcción de la compañía reaseguradora S.A. Empresa Multinacional Andina / _cMiguel Humberto Mena Ramírez |
| 260 |
_aQuito : _bOrganización Latinoamericana de Energía, _c1990. |
||
| 300 |
_aii, 115 páginas _c22 cm. |
||
| 490 | 0 | _aPrimer premio del concurso "Diez años del FAR" | |
| 504 | _aBibliografía : páginas 113-114. | ||
| 505 | 0 | _aEl reaseguro -- La empresa multinacional Andina -- La compañía reaseguradora -- La compañía reaseguradora S.A. Empresa Multinacional Andina | |
| 650 | 2 | 4 |
_aSector eléctrico _98718 |
| 650 | 2 | 4 |
_aPolítica energética _98719 |
| 650 | 2 | 4 |
_aSector eléctrico _98720 |
| 942 |
_2ddc _cBK |
||
| 999 |
_c5395 _d5395 |
||